[Event "TCh-RUS Rapid 2017"]
[Site "Sochi RUS"]
[Date "2017.10.03"]
[Round "3.1"]
[White "Mamedyarov,S"]
[Black "Kamsky,G"]
[Result "1/2-1/2"]
[WhiteElo "2791"]
[BlackElo "2676"]

1.d4 d5 2.c4 c6 3.Nc3 Nf6 4.Nf3 a6 5.e3 g6 6.a4 a5 7.Be2 Bg7 8.O-O O-O 9.b3 Bg4
10.Ba3 Bxf3 11.Bxf3 Re8 12.cxd5 cxd5 13.Qd3 e6 14.Nb5 Bf8 15.Bxf8 Rxf8 16.e4 dxe4
17.Bxe4 Nc6 18.Rac1 Nb4 19.Qf3 Nxe4 20.Qxe4 Nd5 21.h4 h5 22.g3 Qe7 23.Rc5 Rad8
24.Rfc1 Rd7 25.Rc8 Rxc8 26.Rxc8+ Rd8 27.Rc5 b6 28.Rc4 Qf6 29.Rc6 Qe7 30.Qe1 Qf6
31.Qe4 Qe7 32.Rc4 Qf6 33.Kg2 Qe7 34.Qe5 Qd7 35.f3 Qe7 36.Kh3 Qb7 37.Kg2 Qe7
38.Kh3 Qb7 39.Kg2 Qe7 40.Kf2 Qd7 41.Qg5 Kg7  1/2-1/2

[Event "TCh-RUS Rapid 2017"]
[Site "Sochi RUS"]
[Date "2017.10.03"]
[Round "4.1"]
[White "Jakovenko,D"]
[Black "Mamedyarov,S"]
[Result "0-1"]
[WhiteElo "2710"]
[BlackElo "2791"]

1.Nf3 d5 2.d4 Bf5 3.c4 e6 4.Nc3 Nf6 5.g3 c6 6.Qb3 Qc8 7.Bg2 h6 8.O-O Be7
9.Nd2 O-O 10.e4 dxe4 11.Ndxe4 Rd8 12.Be3 Ng4 13.c5 Nd7 14.Rad1 Qc7 15.Bf4 e5
16.Nd6 Be6 17.Qxb7 Bxd6 18.Qxc6 exf4 19.cxd6 Qxc6 20.Bxc6 fxg3 21.hxg3 Rab8
22.d5 Bf5 23.Nb5 Nge5 24.Nd4 Bh3 25.Rfe1 Rxb2 26.Rb1 Rd2 27.Ra1  0-1

[Event "TCh-RUS Rapid 2017"]
[Site "Sochi RUS"]
[Date "2017.10.03"]
[Round "5.1"]
[White "Mamedyarov,S"]
[Black "Dubov,Daniil"]
[Result "1-0"]
[WhiteElo "2791"]
[BlackElo "2677"]

1.d4 Nf6 2.c4 g6 3.Nc3 d5 4.Nf3 Bg7 5.cxd5 Nxd5 6.Bg5 h6 7.Bd2 Nxc3 8.Bxc3 Nd7
9.Rc1 O-O 10.e3 b6 11.Bc4 Bb7 12.O-O c5 13.Qe2 cxd4 14.Nxd4 Ne5 15.Rfd1 Qc8
16.Bb3 Ba6 17.Nb5 Qf5 18.a4 Rad8 19.e4 Qg5 20.Rc2 Bc8 21.Rxd8 Rxd8 22.Rd2 Rxd2
23.Bxd2 Bg4 24.Bxg5 Bxe2 25.Bxe7 Nc4 26.Nxa7 Bxb2 27.Nb5 Kg7 28.Bb4 Bd3 29.f3 g5
30.Kf2 Kg6 31.Bc3 Bc1 32.Bd4 Nd2 33.Bd5 Bc2 34.Nd6 f6 35.Bc6 Ba3 36.Nf5 Nc4
37.Be8+ Kh7 38.Bxf6 Bd1 39.Ne7 Bxe7 40.Bxe7 Nb2 41.Ke3 Bxa4 42.Bxa4 Nxa4
43.Kd4 b5 44.e5 Kg6 45.e6 Kf5 46.Bxg5 Kxe6 47.Bxh6 Kf5 48.g4+ Kg6 49.Bd2 Nb6
50.h4 Nc4 51.Bc1 Nd6 52.Kd5 Nc4 53.f4 Nb6+ 54.Ke4  1-0

[Event "TCh-RUS Rapid 2017"]
[Site "Sochi RUS"]
[Date "2017.10.04"]
[Round "6.2"]
[White "Fedoseev,Vl3"]
[Black "Mamedyarov,S"]
[Result "1-0"]
[WhiteElo "2733"]
[BlackElo "2791"]

1.e4 e5 2.Nf3 Nc6 3.Bc4 Bc5 4.Nc3 Nf6 5.d3 h6 6.O-O a6 7.Nd5 d6 8.c3 O-O
9.Be3 Bxe3 10.fxe3 Na5 11.Nxf6+ Qxf6 12.Bd5 c6 13.Bxf7+ Qxf7 14.b4 Nc4 15.dxc4 Qxc4
16.Qxd6 Qxc3 17.Kh1 Bh3 18.Nxe5 Qxe3 19.Qg6 Qe2 20.Rfe1 Qb2 21.Nd3 Qc3 22.Qg3 Rad8
23.Rad1 Bg4 24.Qxg4 Rxd3 25.e5 Rxd1 26.Qxd1 Qxb4 27.e6 Qe7 28.h3 c5 29.Qd7 Re8
30.Rc1 Qxd7 31.exd7 Rd8 32.Rxc5 Rxd7 33.a4 Kf7 34.Kh2 Ke6 35.a5 Kd6 36.Rc1 Re7
37.Rb1 Kc7 38.Rc1+ Kb8 39.Kg3 Re5 40.Ra1 Kc7 41.Kf4 Rc5 42.h4 h5 43.g4 g6
44.g5 Kc6 45.Re1 Kd6 46.Re8 Rc4+ 47.Kg3 Rc3+ 48.Kg2 Rc2+ 49.Kg3 Rc3+ 50.Kg2 Rc6
51.Rb8 Kc7 52.Rf8 b6 53.Rf7+ Kd6 54.axb6 Rxb6 55.Kf3 a5 56.Ra7 Rb3+ 57.Ke4  1-0

[Event "TCh-RUS Rapid 2017"]
[Site "Sochi RUS"]
[Date "2017.10.04"]
[Round "7.3"]
[White "Motylev,A"]
[Black "Mamedyarov,S"]
[Result "1/2-1/2"]
[WhiteElo "2675"]
[BlackElo "2791"]

1.e4 e5 2.Nf3 Nc6 3.Bb5 a6 4.Ba4 Nf6 5.O-O Be7 6.d3 d6 7.c3 O-O 8.Nbd2 Re8
9.Re1 Bf8 10.Nf1 b5 11.Bc2 Bb7 12.Bg5 h6 13.Bh4 Nb8 14.a4 Nbd7 15.b4 d5 16.N1d2 dxe4
17.dxe4 c5 18.bxc5 Nxc5 19.axb5 axb5 20.Qe2 Ba6 21.Red1 g5 22.Bg3 Qc7 23.Qe1 Bb7
24.Rxa8 Bxa8 25.Nd4 Qa5 26.N2b3 Nxb3 27.Nxb3 Qa2 28.Qd2 Bxe4 29.Bxe4 Qxb3
30.Bc2 Qc4 31.Bd3 Qc5 32.Rb1 e4 33.Bxb5 e3 34.Qd4 Re6 35.fxe3 Ne4 36.Bc4 Nxg3
37.hxg3 Rxe3 38.Rf1 Rxc3 39.Bxf7+ Kh7 40.Qxc5 Bxc5+ 41.Kh2 Bd6 42.Rf3 Rxf3  1/2-1/2

[Event "TCh-RUS Rapid 2017"]
[Site "Sochi RUS"]
[Date "2017.10.04"]
[Round "8.3"]
[White "Mamedyarov,S"]
[Black "Rakhmanov,Ale"]
[Result "1-0"]
[WhiteElo "2791"]
[BlackElo "2654"]

1.d4 Nf6 2.c4 e6 3.Nc3 d5 4.cxd5 exd5 5.Bg5 c6 6.e3 Bf5 7.Nge2 Be7 8.Ng3 Bg6
9.h4 h6 10.h5 Bh7 11.Bf4 Qb6 12.Qd2 Nbd7 13.Bd3 Bxd3 14.Qxd3 Nf8 15.Nf5 Ne6
16.Be5 Rg8 17.Rb1 Qd8 18.b4 a6 19.a4 b5 20.a5 Kf8 21.Ne2 Ne4 22.f3 Nd6 23.Bxd6 Bxd6
24.Kf2 Rc8 25.f4 Ke8 26.Ng1 Kd7 27.Nf3 f6 28.Rh4 Qf8 29.Qc3 Qf7 30.Rh3 Rc7
31.Ne1 Re8 32.Nd3 Bf8 33.Qc2 Kc8 34.Qd1 Kb7 35.Qg4 Ka7 36.Rg3 Nd8 37.Qg6 Qxg6
38.Rxg6 Nb7 39.Ne1 Nd6 40.Nxd6 Bxd6 41.Nf3 Bf8 42.Nh4 Kb7 43.Nf5 Rd8 44.Ke2 Kc8
45.Kd3 Rf7 46.Kc3 Kd7 47.g4 Re8 48.Kd3 Rc8 49.Rb3 Ke6 50.Rb2 Rcc7 51.Nh4 Kd7
52.Nf3 Rc8 53.g5 hxg5 54.fxg5 Be7 55.h6 gxh6 56.Rxh6 Rg8 57.e4 dxe4+ 58.Kxe4 Bd6
59.g6 f5+ 60.Kd3 Rfg7 61.Nh4 Ke6 62.Re2+ Kd5 63.Rh5 Bxb4 64.Nxf5  1-0

[Event "TCh-RUS Rapid 2017"]
[Site "Sochi RUS"]
[Date "2017.10.04"]
[Round "9.3"]
[White "Trjapishko,A"]
[Black "Mamedyarov,S"]
[Result "0-1"]
[WhiteElo "2508"]
[BlackElo "2791"]

1.e4 e5 2.Bc4 Nf6 3.d3 Nc6 4.Nc3 Bc5 5.f4 d6 6.f5 Nd4 7.Nf3 c6 8.Bg5 h6 9.Bh4 b5
10.Bb3 a5 11.Nxd4 exd4 12.e5 dxe5 13.Bxf6 gxf6 14.Ne4 Bb4+ 15.c3 dxc3 16.bxc3 Be7
17.Qh5 Rh7 18.Rd1 c5 19.O-O Bb7 20.Kh1 a4 21.Bc2 b4 22.d4 cxd4 23.cxd4 exd4
24.Rf3 Qc7 25.Bd3 O-O-O 26.Rff1 Kb8 27.Rc1 Qb6 28.Qg4 Rhh8 29.Qg3+ Bd6 30.Qg7 Be5
31.Qxf7 Rc8 32.Qe7 Rhe8 33.Qf7 Red8 34.Qe7 Rc3 35.Nxc3 dxc3 36.Rcd1 Rg8 37.Rf3 b3
38.axb3 axb3 39.Qf7 Rd8 40.Qe7 Rc8 41.Rb1 c2 42.Bxc2 bxc2  0-1

[Event "TCh-RUS Blitz 2017"]
[Site "Sochi RUS"]
[Date "2017.10.05"]
[Round "2"]
[White "Sarana,A"]
[Black "Mamedyarov,S"]
[Result "0-1"]
[WhiteElo "2543"]
[BlackElo "2791"]

1.d4 d6 2.e4 Nf6 3.Nc3 g6 4.Nf3 Bg7 5.Be2 O-O 6.O-O Nc6 7.Bg5 h6 8.Bh4 a6
9.d5 Na7 10.Qd2 Bg4 11.Nd4 Bxe2 12.Ndxe2 Nb5 13.f3 c6 14.Rad1 Rc8 15.dxc6 bxc6
16.Na4 Nd7 17.c4 Nc7 18.c5 d5 19.Nec3 d4 20.Ne2 Ne6 21.f4 Nexc5 22.Nxc5 Nxc5
23.Qb4 Nxe4 24.Bxe7 c5 25.Qb7 Rc7 26.Qxe4 Rxe7 27.Qd3 Qa5 28.a3 Qb5 29.Qxb5 axb5
30.Rd2 d3 31.Nc3 Bd4+ 32.Kh1 Bxc3 33.bxc3 c4 34.Kg1 Ra8 35.Ra1 Rae8 36.Kf1 Re2
37.Rad1 Kg7 38.h4 h5 39.Kg1 Kf6 40.Kh2 Kf5 41.Kg3 R8e3+  0-1

[Event "TCh-RUS Blitz 2017"]
[Site "Sochi RUS"]
[Date "2017.10.05"]
[Round "3"]
[White "Mamedyarov,S"]
[Black "Grachev,B"]
[Result "0-1"]
[WhiteElo "2791"]
[BlackElo "2645"]

1.d4 d5 2.c4 e6 3.Nc3 Nf6 4.cxd5 exd5 5.Bg5 c6 6.e3 Bf5 7.Nge2 h6 8.Bxf6 Qxf6
9.Ng3 Bg6 10.Qb3 Qe7 11.a3 Qc7 12.Qd1 Nd7 13.Bd3 Nf6 14.Bxg6 fxg6 15.Qd3 Qf7
16.b4 Bd6 17.b5 O-O 18.O-O Rae8 19.bxc6 bxc6 20.f3 Qc7 21.Nce2 Qe7 22.e4 dxe4
23.fxe4 Nxe4 24.Rxf8+ Kxf8 25.Nxe4 Qxe4 26.Qxe4 Rxe4 27.Kf2 Re6 28.g3 Ke7
29.Rb1 Rf6+ 30.Ke3 Ke6 31.a4 Rf5 32.Nc3 Rh5 33.Rb2 Be7 34.Ne2 Bd6 35.Nc3 a5
36.Kf3 Bb4 37.Ne2 Rf5+ 38.Nf4+ Kd6 39.Ke4 Rf6 40.Rc2 g5 41.Nd3 Re6+ 42.Kf5 Rf6+
43.Ke4 Re6+ 44.Kf3 Kd5 45.Ne5 c5 46.Nd3 Kxd4 47.Nb2 Rf6+ 48.Ke2 Re6+ 49.Kf3 Re3+
50.Kg4 Bc3 51.Nd1 Rd3 52.Nxc3 Rxc3 53.Rb2 c4 54.Kh5 Rb3 55.Rd2+ Rd3 56.Rb2 c3  0-1

[Event "TCh-RUS Blitz 2017"]
[Site "Sochi RUS"]
[Date "2017.10.05"]
[Round "4"]
[White "Dubov,Daniil"]
[Black "Mamedyarov,S"]
[Result "1/2-1/2"]
[WhiteElo "2677"]
[BlackElo "2791"]

1.d4 d5 2.Bf4 g6 3.e3 Bg7 4.Nf3 Nf6 5.h3 O-O 6.Nbd2 c5 7.c3 Nc6 8.Be2 Nd7
9.O-O e5 10.dxe5 Ndxe5 11.Nxe5 Nxe5 12.Nf3 Nc6 13.Qb3 c4 14.Qa3 Be6 15.Rfd1 Qb6
16.Ng5 Rfe8 17.Nxe6 fxe6 18.Rab1 Rac8 19.Qa4 Qc5 20.b4 Qb6 21.Qc2 Kh8 22.Bg3 Ne7
23.e4 dxe4 24.Rd6 Rc6 25.Rxc6 Qxc6 26.b5 Qd5 27.Rd1 Qf5 28.Bg4 Qxb5 29.Bxe6 Qg5
30.Bf7 Rf8 31.Bxc4 Nf5 32.Qxe4 Nxg3 33.fxg3 Qxg3 34.Rf1 Qxc3 35.Rxf8+ Bxf8
36.Qd5 Qe3+ 37.Kf1 Qf4+ 38.Ke2 Kg7 39.Qxb7+ Kh6 40.Qd5 Bg7 41.Qd2  1/2-1/2

[Event "TCh-RUS Blitz 2017"]
[Site "Sochi RUS"]
[Date "2017.10.05"]
[Round "5"]
[White "Mamedyarov,S"]
[Black "Khismatullin,D"]
[Result "1/2-1/2"]
[WhiteElo "2791"]
[BlackElo "2628"]

1.d4 Nf6 2.c4 e6 3.Nf3 d5 4.Nc3 Nbd7 5.Bf4 dxc4 6.e3 Nd5 7.Bxc4 N7b6 8.Bd3 Nxf4
9.exf4 Bd6 10.g3 Bd7 11.Qe2 Bc6 12.O-O-O Qe7 13.Be4 Nd5 14.Bxd5 Bxd5 15.Rhe1 Bxf3
16.Qxf3 O-O-O 17.d5 Bb4 18.dxe6 fxe6 19.a3 Bxc3 20.Qxc3 g6 21.Rxd8+ Rxd8
22.Qe3 Kb8 23.Kb1 Rd6 24.Qe5 b6 25.h4 Qd7 26.Re2 a5 27.Ka2 a4 28.Rc2 Rd5
29.Qe4 Kb7 30.Re2 Qb5 31.Rc2 c6 32.Qc4 Qxc4+ 33.Rxc4 Rd2 34.Rxa4 Rxf2 35.Re4 Rg2
36.Rxe6 Rxg3 37.Re7+ Ka6 38.Rxh7 Rg4 39.Rg7 Kb5 40.h5 gxh5 41.Rg5+ c5 42.Rxh5  1/2-1/2

[Event "TCh-RUS Blitz 2017"]
[Site "Sochi RUS"]
[Date "2017.10.05"]
[Round "6"]
[White "Alekseenko,K"]
[Black "Mamedyarov,S"]
[Result "1-0"]
[WhiteElo "2563"]
[BlackElo "2791"]

1.e4 d6 2.d4 Nf6 3.Nc3 g6 4.f4 Bg7 5.Nf3 O-O 6.Bd3 Nc6 7.e5 Nh5 8.Be3 f6
9.exd6 cxd6 10.O-O Bg4 11.Be2 Qd7 12.Qd2 f5 13.d5 Nd8 14.Nd4 Bxe2 15.Qxe2 Rc8
16.Rad1 Nf6 17.Kh1 a6 18.Bg1 b5 19.a3 Re8 20.Rfe1 Qb7 21.Qf3 Rc4 22.h3 b4
23.axb4 Qxb4 24.Rd3 Ne4 25.Red1 Qxb2 26.Nxe4 fxe4 27.Qxe4 Qxc2 28.f5 gxf5
29.Qf3 Rf8 30.Nxc2  1-0

[Event "TCh-RUS Blitz 2017"]
[Site "Sochi RUS"]
[Date "2017.10.05"]
[Round "7"]
[White "Mamedyarov,S"]
[Black "Rakhmanov,Ale"]
[Result "1/2-1/2"]
[WhiteElo "2791"]
[BlackElo "2654"]

1.d4 Nf6 2.c4 d6 3.Nf3 g6 4.g3 Bg7 5.Bg2 O-O 6.O-O c6 7.b3 Bf5 8.Bb2 d5 9.e3 a5
10.Nc3 Ne4 11.Qe2 Nxc3 12.Bxc3 Be4 13.Bh3 Bxf3 14.Qxf3 e6 15.a4 Nd7 16.Rfd1 Re8
17.Qe2 Nf6 18.Bg2 Bf8 19.Qe1 Qb6 20.c5 Qc7 21.b4 axb4 22.Bxb4 e5 23.dxe5 Qxe5
24.Bc3 Qe7 25.Bd4 Nd7 26.Rdc1 Bg7 27.Qb4 Ra7 28.a5 Rea8 29.h4 Nf8 30.Bxg7 Kxg7
31.e4 dxe4 32.Bxe4 Ne6 33.Ra3 h5 34.Bg2 Qf6 35.Rf3 Qd4 36.Rb3 Rxa5 37.Qxb7 Nxc5
38.Rxc5 Qxc5 39.Rf3 Qc4 40.Rf4 Qe6 41.Bxc6 R8a7 42.Qb2+ Qe5 43.Qb3 Ra1+ 44.Kh2 Re7
45.Bd5 f5  1/2-1/2

[Event "TCh-RUS Blitz 2017"]
[Site "Sochi RUS"]
[Date "2017.10.05"]
[Round "8"]
[White "Fedoseev,Vl3"]
[Black "Mamedyarov,S"]
[Result "0-1"]
[WhiteElo "2733"]
[BlackElo "2791"]

1.e4 e5 2.Nf3 Nc6 3.Bb5 a6 4.Ba4 Nf6 5.d3 b5 6.Bb3 Bc5 7.a4 Rb8 8.Nc3 d6
9.axb5 axb5 10.h3 h6 11.O-O O-O 12.Ne2 Bb6 13.c3 d5 14.Ng3 Be6 15.exd5 Nxd5
16.Re1 Re8 17.Qc2 Qf6 18.Kh2 Rbd8 19.Bd2 Qg6 20.Re2 Nf4 21.Bxf4 exf4 22.Ne4 Bxb3
23.Qxb3 Ne5 24.Qxb5 Qh5 25.Kh1 Rb8 26.Qa4 Kh8 27.Ned2 Re6 28.Qxf4 Nxd3 29.Qc4 Rxe2
30.Qxd3 Rxf2 31.b4 Re8 32.Ne4 Rb2 33.Re1 Qg6 34.Qd5  0-1

[Event "TCh-RUS Blitz 2017"]
[Site "Sochi RUS"]
[Date "2017.10.05"]
[Round "9"]
[White "Mamedyarov,S"]
[Black "Moskalenko,A"]
[Result "1-0"]
[WhiteElo "2791"]
[BlackElo "2522"]

1.d4 e6 2.c4 Nf6 3.Nf3 Bb4+ 4.Nc3 O-O 5.Qc2 c5 6.dxc5 Bxc5 7.Bg5 b6 8.e3 Bb7
9.Bd3 h6 10.Bh4 Nc6 11.a3 Be7 12.O-O-O Rc8 13.Kb1 Na5 14.Qe2 d5 15.Ne5 Ba6
16.cxd5 Bxd3+ 17.Rxd3 Nxd5 18.Bxe7 Nxc3+ 19.Rxc3 Qxe7 20.Rhc1 Rxc3 21.Rxc3 Qd6
22.f4 f6 23.Nf3 Rd8 24.Qc2 Kf7 25.Nd4 Rd7 26.Rc8 Qd5 27.g4 Nb7 28.Qh7 Qh1+
29.Rc1 Qd5 30.f5 exf5 31.Nxf5 Kf8 32.Rc8+ Nd8 33.Nd4 Kf7 34.h4 Qh1+ 35.Ka2 Qd5+
36.Kb1 Qh1+ 37.Rc1 Qd5 38.g5 hxg5 39.h5 Kf8 40.h6 Qg8 41.Qf5 Rd5 42.h7  1-0

[Event "TCh-RUS Blitz 2017"]
[Site "Sochi RUS"]
[Date "2017.10.05"]
[Round "10"]
[White "Artemiev,V"]
[Black "Mamedyarov,S"]
[Result "1/2-1/2"]
[WhiteElo "2696"]
[BlackElo "2791"]

1.Nf3 d5 2.g3 Nf6 3.Bg2 g6 4.O-O Bg7 5.d4 O-O 6.c3 c6 7.Nbd2 Bf5 8.Nh4 Bg4
9.Qe1 Nbd7 10.h3 Be6 11.f4 c5 12.g4 Nb6 13.f5 Bd7 14.Ndf3 cxd4 15.cxd4 Ne4
16.Ne5 Rc8 17.Nhf3 Nc4 18.fxg6 fxg6 19.Nxc4 Rxc4 20.Be3 Rc2 21.Qb4 Rxe2 22.Rae1 Ng3
23.Rf2 Rxe1+ 24.Nxe1 Bc6 25.Nd3 Ne4 26.Rxf8+ Qxf8 27.Ne5 Bh6 28.Bxh6 Qxh6
29.Qxe7 Qe3+ 30.Kh2 Qf4+ 31.Kg1 Qf2+ 32.Kh2 Nd2 33.Qd8+ Kg7 34.Qe7+ Kg8 35.Qd8+ Kg7
36.Qe7+  1/2-1/2

[Event "TCh-RUS Blitz 2017"]
[Site "Sochi RUS"]
[Date "2017.10.05"]
[Round "11"]
[White "Mamedyarov,S"]
[Black "Kezin,R"]
[Result "1-0"]
[WhiteElo "2791"]
[BlackElo "2455"]

1.d4 d5 2.c4 e6 3.Nc3 c6 4.e3 Nf6 5.Nf3 Nbd7 6.Bd3 dxc4 7.Bxc4 b5 8.Bd3 a6
9.a4 b4 10.Ne4 c5 11.Nxf6+ Nxf6 12.b3 Bb7 13.Bb2 cxd4 14.Bxd4 Be7 15.O-O O-O
16.Ne5 Rc8 17.Bc4 a5 18.Rc1 Nd5 19.Qf3 Ba8 20.Qg3 Bh4 21.Qh3 Bf6 22.Rfd1 Qe7
23.Bd3 g6 24.Bc4 Rfd8 25.Qg3 Nc3 26.Re1 Ne4 27.Qf4 Bg7 28.h4 Nd2 29.h5 Nxc4
30.Nxc4 f6 31.hxg6 hxg6 32.Qg4 e5 33.Bb6 Re8 34.Bxa5 f5 35.Qxg6 Qe6 36.Qg5 Rb8
37.Red1 Qf6 38.Qxf6 Bxf6 39.Nd6 Re6 40.Nxf5  1-0

[Event "TCh-RUS Blitz 2017"]
[Site "Sochi RUS"]
[Date "2017.10.05"]
[Round "12"]
[White "Trjapishko,A"]
[Black "Mamedyarov,S"]
[Result "0-1"]
[WhiteElo "2508"]
[BlackElo "2791"]

1.d4 d6 2.e4 Nf6 3.Nc3 g6 4.f3 c6 5.Be3 b5 6.Qd2 Nbd7 7.O-O-O b4 8.Nce2 Qa5
9.Kb1 Ba6 10.Nc1 Bxf1 11.Rxf1 Nb6 12.Qd3 Bg7 13.Nb3 Qb5 14.Qxb5 cxb5 15.Na5 Nc4
16.Nxc4 bxc4 17.d5 e6 18.dxe6 fxe6 19.Ne2 Ke7 20.Rd1 Rhc8 21.Bd4 e5 22.Bf2 a5
23.Ng3 a4 24.Nf1 c3 25.Ne3 Ke6 26.Rd3 cxb2 27.Kxb2 Ra6 28.a3 bxa3+ 29.Rxa3 d5
30.exd5+ Nxd5 31.Nxd5 Kxd5 32.Rd1+ Ke6 33.c3 Bf8 34.Ra2 a3+ 35.Kb3 Rac6 36.Rc2 R6c7
37.c4 Rb8+ 38.Ka2 Rcb7 39.Rdd2 Bb4 40.Re2 Bd6 41.c5 Bc7 42.f4 Rb1 43.fxe5 Rd1
44.Bg3 g5 45.Rcd2 Rc1 46.Rc2 Rcb1 47.Rf2 h5 48.Rf6+ Kd5 49.Rd2+ Kc4 50.Rc2+ Kd3
51.Rff2 h4 52.Rfd2+ Ke4 53.Re2+ Kf5 54.Rf2+ Kg6 55.Rf6+ Kg7 56.Rc6 Ba5 57.Bf2 R1b2+
58.Rxb2 Rxb2+ 59.Kxa3 Rxf2 60.Ra6 Bc3 61.e6 Kf6 62.Kb3 Be5 63.Kc4 Rxg2 64.Kd5 Rd2+
65.Ke4 Bf4 66.h3 Re2+ 67.Kd5 g4 68.hxg4 h3 69.Ra8 h2 70.Rf8+ Kg7 71.Rf7+ Kg6
72.Rxf4 h1=Q+ 73.Kd6 Rd2+ 74.Kc7 Qd5  0-1

[Event "TCh-RUS Blitz 2017"]
[Site "Sochi RUS"]
[Date "2017.10.05"]
[Round "13"]
[White "Mamedyarov,S"]
[Black "Goryachkina,A"]
[Result "1-0"]
[WhiteElo "2791"]
[BlackElo "2478"]

1.d4 d5 2.c4 e6 3.Nc3 Nf6 4.cxd5 exd5 5.Bg5 c6 6.e3 Be7 7.Bd3 Nbd7 8.Nge2 Nf8
9.Qc2 Ne6 10.Bh4 g6 11.f3 O-O 12.O-O b6 13.Rae1 Bb7 14.Kh1 Nh5 15.Bf2 f5
16.e4 fxe4 17.fxe4 Nhf4 18.exd5 cxd5 19.Bb5 Bd6 20.Nxf4 Nxf4 21.Bg3 Nh5 22.Be5 Rxf1+
23.Rxf1 Qe7 24.Qb3 Qe6 25.Bd7 Qxd7 26.Nxd5  1-0

[Event "TCh-RUS Blitz 2017"]
[Site "Sochi RUS"]
[Date "2017.10.05"]
[Round "14"]
[White "Tekeyev,Z"]
[Black "Mamedyarov,S"]
[Result "0-1"]
[WhiteElo "2380"]
[BlackElo "2791"]

1.e4 e5 2.Nf3 Nc6 3.Bc4 Bc5 4.d3 Nf6 5.O-O d6 6.c3 a6 7.a4 h6 8.Na3 O-O 9.Nc2 Re8
10.Be3 Bxe3 11.Nxe3 Ne7 12.Qb3 Rf8 13.Rad1 Ng6 14.Rfe1 c6 15.Qc2 Nh5 16.d4 Qf6
17.Nf5 exd4 18.N5xd4 Nhf4 19.Bf1 Bg4 20.Re3 Ne5 21.Rde1 Bxf3 22.Nxf3 Ng4
23.e5 dxe5 24.Re4 Qf5 25.Nh4 Qh5 26.g3 Rfe8 27.h3 Nf6 28.Rb4 b5 29.axb5 axb5
30.Qf5 Qxf5 31.Nxf5 N4d5 32.Rh4 Ra2 33.Rb1 e4 34.c4 bxc4 35.Bxc4 Ra4 36.b3 Ra2
37.Nd4 e3 38.fxe3 Rxe3 39.Nf5 Rc3 40.Rf1 Rcc2 41.Rd4 Rg2+ 42.Kh1 Rh2+  0-1

[Event "TCh-RUS Blitz 2017"]
[Site "Sochi RUS"]
[Date "2017.10.05"]
[Round "15"]
[White "Terzyan,Nazar"]
[Black "Mamedyarov,S"]
[Result "0-1"]
[WhiteElo "1717"]
[BlackElo "2791"]

1.Nf3 Nf6 2.d4 g6 3.Bf4 Bg7 4.e3 O-O 5.Be2 d6 6.O-O Nh5 7.Bg5 h6 8.Bh4 g5
9.Nfd2 Nf4 10.exf4 gxh4 11.Nf3 c5 12.c3 cxd4 13.cxd4 h3 14.g3 Qb6 15.Nc3 Qxb2
16.Qd3 Nc6 17.Rab1 Qa3 18.Rb3 Qa5 19.Bd1 Bf5 20.Qd2 a6 21.Be2 Rac8 22.Nd1 Qxd2
23.Nxd2 Nxd4 24.Re3 Nxe2+ 25.Rxe2 e6 26.Nb2 Rc2  0-1

[Event "21st European Teams"]
[Site "Hersonissos GRE"]
[Date "2017.10.29"]
[Round "2.13"]
[White "Mamedyarov,S"]
[Black "Ragger,M"]
[Result "1-0"]
[WhiteElo "2791"]
[BlackElo "2659"]

1.d4 Nf6 2.c4 g6 3.Nc3 d5 4.cxd5 Nxd5 5.e4 Nxc3 6.bxc3 Bg7 7.Be3 c5 8.Nf3 Qa5
9.Nd2 O-O 10.Be2 b6 11.O-O Ba6 12.Rc1 Bxe2 13.Qxe2 Qxa2 14.Ra1 Qe6 15.d5 Qc8
16.Ra3 Nd7 17.f4 e6 18.dxe6 fxe6 19.e5 Qc6 20.c4 Rad8 21.Rxa7 Ra8 22.Rxa8 Rxa8
23.Qd3 Bf8 24.Rd1 Be7 25.Ne4 Nf8 26.Bf2 Rd8 27.Nd6 Ra8 28.g4 Ra2 29.f5 Qa8
30.fxe6 Nxe6 31.Qd5 Qxd5 32.cxd5 Nf4 33.Be3 Ne2+ 34.Kf1 Nc3 35.Rd3 Bxd6 36.exd6 Ne4
37.d7 Ra8 38.Bf4 Nf6 39.Ra3 Rf8 40.Bd6 Nxd7+ 41.Bxf8 Kxf8 42.d6 g5 43.Re3 h6
44.Ke2 b5 45.Kd3 Nb6 46.Re5 Nd7 47.Re6 Nb6 48.Rxh6 b4 49.Rh7 c4+ 50.Kd4  1-0

[Event "21st European Teams"]
[Site "Hersonissos GRE"]
[Date "2017.10.30"]
[Round "3.7"]
[White "Anton Guijarro,D"]
[Black "Mamedyarov,S"]
[Result "1-0"]
[WhiteElo "2651"]
[BlackElo "2791"]

1.e4 e5 2.Nf3 Nc6 3.Bb5 a6 4.Ba4 Nf6 5.O-O Be7 6.Re1 b5 7.Bb3 d6 8.c3 O-O
9.h3 Nb8 10.d3 Nbd7 11.Nbd2 Bb7 12.Nf1 Re8 13.Ng3 Bf8 14.d4 h6 15.dxe5 dxe5
16.Qe2 c5 17.c4 Qb6 18.a4 b4 19.a5 Qc7 20.Ba4 Re6 21.Be3 Nxe4 22.Nxe4 Bxe4
23.Bxh6 Bc6 24.Bxc6 Qxc6 25.Be3 e4 26.Ng5 Rg6 27.Bf4 Re8 28.Rad1 Nf6 29.b3 Qc8
30.Qe3 Nh5 31.Bh2 f5 32.h4 Nf6 33.Qf4 Be7 34.Qc7 Rh6 35.Qxc8 Rxc8 36.Bd6 Bd8
37.Bxc5 Bxa5 38.Bd4 Bc7 39.g3 Nh7 40.Be3 Nxg5 41.hxg5 Rd6 42.Rxd6 Bxd6 43.Rd1 Rc6
44.g6 Be7 45.Rd7 Kf8 46.Rd5 Rxg6 47.Rxf5+ Rf6 48.Rd5 Rd6 49.Rxd6 Bxd6 50.Kf1 Kf7
51.Ke2 Ke6 52.Bd4 Kf5 53.Ke3 g5 54.g4+  1-0

[Event "21st European Teams"]
[Site "Hersonissos GRE"]
[Date "2017.10.31"]
[Round "4.10"]
[White "Mamedyarov,S"]
[Black "Svetushkin,D"]
[Result "1-0"]
[WhiteElo "2791"]
[BlackElo "2556"]

1.d4 Nf6 2.c4 e6 3.Nf3 d5 4.Nc3 Be7 5.Bf4 O-O 6.a3 b6 7.Qc2 c5 8.Rd1 Bb7
9.cxd5 exd5 10.g3 Nbd7 11.Bh3 a6 12.O-O b5 13.dxc5 Nxc5 14.Nd4 Re8 15.e4 Bf8
16.e5 Nh5 17.Qc1 Nxf4 18.Qxf4 Qc7 19.Rfe1 g6 20.b4 Ne4 21.Nxe4 dxe4 22.Nxb5 axb5
23.Rd7 Qc4 24.Rxb7 Rxa3 25.e6 f5 26.Bxf5 e3 27.Bxg6 Qxf4 28.Bf7+ Kh8 29.gxf4 Bxb4
30.Rxe3 Re7 31.Rxb5 Bd6 32.Rxa3 Bxa3 33.Rg5 h6 34.Rg6  1-0

[Event "21st European Teams"]
[Site "Hersonissos GRE"]
[Date "2017.11.01"]
[Round "5.5"]
[White "Mamedyarov,S"]
[Black "Navara,D"]
[Result "1-0"]
[WhiteElo "2791"]
[BlackElo "2726"]

1.d4 d5 2.c4 dxc4 3.e3 Nf6 4.Bxc4 e6 5.Nf3 c5 6.O-O a6 7.Qe2 b5 8.Bd3 cxd4
9.Rd1 Be7 10.a4 bxa4 11.Rxa4 dxe3 12.Bxe3 Nbd7 13.Nc3 O-O 14.Bg5 Bb7 15.Rd4 Bxf3
16.Qxf3 Ne5 17.Qe3 Qb8 18.Bf4 Neg4 19.Qe2 e5 20.Bg3 h5 21.Nd5 Re8 22.h3 h4
23.Nxf6+ Bxf6 24.Qe4 g6 25.Bc4 Kg7 26.Rd7 Re7 27.Bxh4 Bxh4 28.Qxg4 Bf6 29.R7d6 Rc7
30.Qf3 Bh4 31.Rd7 Rxd7 32.Rxd7 Qb4 33.Qxf7+ Kh6 34.Qh7+ Kg5 35.f4+ Kf5 36.Qf7+ Ke4
37.Qxg6+  1-0

[Event "21st European Teams"]
[Site "Hersonissos GRE"]
[Date "2017.11.03"]
[Round "6.3"]
[White "Aronian,L"]
[Black "Mamedyarov,S"]
[Result "1-0"]
[WhiteElo "2801"]
[BlackElo "2791"]

1.c4 c5 2.Nf3 Nc6 3.Nc3 g6 4.g3 Bg7 5.Bg2 d6 6.O-O e6 7.e3 Nge7 8.d4 O-O
9.Re1 Nf5 10.d5 exd5 11.Nxd5 Nfe7 12.Nh4 Ne5 13.Qc2 Nxd5 14.Bxd5 Be6 15.Rd1 Qd7
16.Rb1 b5 17.Bxa8 Rxa8 18.f4 Nxc4 19.b3 Nb6 20.Bb2 Bxb2 21.Rxb2 Re8 22.e4 Qc6
23.f5 Bc8 24.Qd3 c4 25.Qxd6 Qxe4 26.Rf2 gxf5 27.Ng2 Qe5 28.Qh6 Qe6 29.Qg5+ Qg6
30.Qh4 Kg7 31.Nf4 Qg4 32.Nh5+ Kh6 33.Qxg4 fxg4 34.Nf6 Re5 35.bxc4 bxc4 36.Rf4 Re2
37.Nxg4+ Kg7 38.Nf6 Re5 39.Rd8 Bf5 40.Nh5+ Kh6 41.Rg8 Bg6 42.Nf6 Re1+ 43.Kf2 Ra1
44.h4  1-0

[Event "21st European Teams"]
[Site "Hersonissos GRE"]
[Date "2017.11.04"]
[Round "7.1"]
[White "Mamedyarov,S"]
[Black "Leko,P"]
[Result "1/2-1/2"]
[WhiteElo "2791"]
[BlackElo "2679"]

1.g3 Nf6 2.Bg2 d5 3.d3 e5 4.Nd2 c6 5.e4 Bd6 6.Ngf3 O-O 7.O-O Re8 8.Re1 Nbd7
9.c3 Nf8 10.d4 Nxe4 11.dxe5 Nxd2 12.Bxd2 Bc7 13.Bg5 Qd7 14.Qb3 h6 15.Be3 Ng6
16.Bd4 a5 17.a4 Rb8 18.Rad1 Qe7 19.Nd2 Bg4 20.f3 Be6 21.f4 b5 22.Qc2 Bg4
23.Ra1 Qd7 24.Nf1 Bf5 25.Qf2 bxa4 26.Ne3 Ne7 27.Red1 Be6 28.c4 Nf5 29.Nxf5 Bxf5
30.Ba7 Rb4 31.cxd5 cxd5 32.Bxd5 Qb5 33.Rac1 Bb6 34.Bxb6 Qxb6 35.Qxb6 Rxb6
36.Rc7 Rf8 37.Rd2 g5 38.Kf2 gxf4 39.gxf4 Be6 40.Be4 Rb4 41.Ke3 Rb3+ 42.Rd3 Rxb2
43.f5 Bc8 44.Rd1 a3 45.e6 Rb3+ 46.Kf2 Rb2+ 47.Ke3 Rb3+ 48.Kf4 fxe6 49.f6 e5+
50.Kxe5 Rb5+ 51.Bd5+ Kh8 52.f7 a2 53.Rg1 Kh7 54.Kd6 Rxd5+ 55.Kxd5 Bf5 56.Ra1 Bb1
57.Ke6 Kg7 58.Ra7  1/2-1/2

[Event "21st European Teams"]
[Site "Hersonissos GRE"]
[Date "2017.11.05"]
[Round "8.1"]
[White "Grischuk,A"]
[Black "Mamedyarov,S"]
[Result "0-1"]
[WhiteElo "2785"]
[BlackElo "2791"]

1.e4 e5 2.Nf3 Nc6 3.Bb5 a6 4.Ba4 d6 5.O-O Bd7 6.Re1 g5 7.Bxc6 bxc6 8.d4 g4
9.Nfd2 exd4 10.Nb3 Ne7 11.Nxd4 Bg7 12.Nc3 O-O 13.Bg5 f6 14.Be3 Qe8 15.Qd3 Qf7
16.Qd2 Qg6 17.Bf4 h5 18.b4 h4 19.a4 Qh5 20.Be3 h3 21.Nce2 hxg2 22.Nf4 Qh7
23.Nfe6 Bxe6 24.Nxe6 Ng6 25.Nxf8 Rxf8 26.Bf4 f5 27.exf5 Nh4 28.Ra3 Qxf5 29.Bg5 Nf3+
30.Rxf3 gxf3 31.Bh6 Qd5 32.Qc1 Bc3 33.Re3 Bd4 34.Rd3 Re8 35.c3 Bxf2+ 36.Kxf2 Re2+  0-1

[Event "21st European Teams"]
[Site "Hersonissos GRE"]
[Date "2017.11.06"]
[Round "9.1"]
[White "Mamedyarov,S"]
[Black "Eljanov,P"]
[Result "1/2-1/2"]
[WhiteElo "2791"]
[BlackElo "2720"]

1.d4 d5 2.c4 dxc4 3.e3 Nf6 4.Bxc4 e6 5.Nf3 c5 6.O-O a6 7.Bb3 Be7 8.Nc3 b5
9.Qe2 Nbd7 10.Rd1 Bb7 11.e4 c4 12.Bc2 Qb6 13.e5 Nd5 14.Bg5 Nxc3 15.bxc3 Qd8
16.Be4 Bxe4 17.Qxe4 O-O 18.h4 Nb6 19.g3 Qd5 20.Qe2 f6 21.exf6 Bxf6 22.Re1 Rae8
23.Bxf6 gxf6 24.Nd2 e5 25.dxe5 Rxe5 26.Ne4 Kh8 27.Rad1 Qe6 28.Qd2 Re8 29.Qd4 Nd5
30.Kh2 Rxe4 31.Rxe4 Qxe4 32.Qxe4 Rxe4 33.Rxd5 Re2 34.a4 Rxf2+ 35.Kh3 bxa4
36.Ra5 Ra2 37.Rxa6 a3 38.Kg4 Ra1 39.Kh5 a2  1/2-1/2